| 000 | 00633nam a2200241 a 4500 | ||
|---|---|---|---|
| 001 | adlib96000001 | ||
| 003 | ViArRB | ||
| 005 | 200902210153555.7 | ||
| 008 | 960221s1955 dcuabcdjdbkoqu001 0deng d | ||
| 020 | _a | ||
| 022 | _a | ||
| 040 | _aAdlib | ||
| 082 | _a362.85 | ||
| 245 | _aYouth in the Contemporary | ||
| 250 | _a | ||
| 260 |
_aDelhi _bNittal Publication _c1989 |
||
| 300 |
_axv, 357 p. _c |
||
| 500 | _a Ref at bthe end of each chap | ||
| 100 |
_aSimdhari C Yedla _e |
||
| 700 |
_a _a |
||
| 942 | _cBK | ||
| 952 |
_w2010-06-19 _p00036601 _r2010-06-19 _40 _00 _bUL _10 _o362.85 SIM _d2010-06-19 _70 _yBK _aUL |
||
| 999 |
_c65890 _d65889 |
||